00569 a2200193 450000100060000002000150000604000220002110000230004324000170006624500120008330000080009536200090010344000110011265000260012394200070014995200900015695201120024699900170035859850 a8501055891 cAnchieta - Pituba aAlencar, José de10aSenhoralpor10aSenhora a2840 a2002 1aRecord 4aFicção brasileira cBK 00104070a91.1b91.1d2023-11-21l0p11316/PITr2023-11-21 18:27:55w2023-11-21yBK 00104070a91.1b91.1d2023-11-21l0o869.93 A368s ALE SENp17111/PITr2023-11-21 18:27:55w2023-11-21yBK c59850d59850